Rinsen Buddhist text series

Saved in:  
Bibliographic Details
Format: Print Series/Journal
Language:Sanskrit
Subito Delivery Service: Order now.
Check availability: HBZ Gateway
WorldCat: WorldCat
Interlibrary Loan:Für eine Fernleihe wählen Sie bitte zuerst einen Band oder Aufsatz aus.
Published: Kyoto Rinsen Book Co. 19XX-
In:Year: 1983
Volumes / Articles:Show volumes/articles.
Further subjects:B Publication series

MARC

LEADER 00000cas a22000002c 4500
001 1344445187
003 DE-627
005 20250804173729.0
007 tu
008 071126c19uuuuuuxx uu m| 0 |0san c
035 |a (DE-627)1344445187 
035 |a (DE-576)274445182 
035 |a (DE-599)BSZ274445182 
035 |a (OCoLC)315769329 
040 |a DE-627  |b ger  |c DE-627  |e rakwb 
041 |a san 
190 |j 1983 
245 0 0 |a Rinsen Buddhist text series 
264 3 1 |a Kyoto  |b Rinsen Book Co.  |c 19XX- 
336 |a Text  |b txt  |2 rdacontent 
337 |a ohne Hilfsmittel zu benutzen  |b n  |2 rdamedia 
338 |a Band  |b nc  |2 rdacarrier 
500 |a In Devanagari-Schrift, Sanskrit 
601 |a Buddhist 
655 7 |a Monografische Reihe  |0 (DE-588)4179998-7  |0 (DE-627)104628669  |0 (DE-576)209995106  |2 gnd-content 
951 |a ST 
ELC |b 1 
ITA |a 1  |t 1 
LOK |0 000 xxxxxcx a22 zn 4500 
LOK |0 001 2556656700 
LOK |0 003 DE-627 
LOK |0 004 1344445187 
LOK |0 005 20071126100336 
LOK |0 008 071126||||||||||||||||ger||||||| 
LOK |0 040   |a DE-21  |c DE-627  |d DE-21 
LOK |0 852   |a DE-21 
LOK |0 852 1  |9 00 
LOK |0 935   |a konv  |a tub1  |a inde 
LOK |0 939   |a 26-11-07  |b l01 
ORI |a SA-MARC-ixtheob001.raw 
REL |a 1  |c 1 
SPR |a 1  |t IXT  |t REL